| 000 | 02574nam a2200469Ii 4500 | ||
|---|---|---|---|
| 001 | DIGPUVAL0330 | ||
| 003 | NyNyDIG | ||
| 008 | 150901t20092009sp ob 001 0 spa d | ||
| 006 | m o d | ||
| 007 | cr ||||||||||| | ||
| 020 |
_a9788437083315 _q(eBook) |
||
| 020 | _z8437073847 | ||
| 020 | _z9788437073842 | ||
| 035 | _a(OCoLC)991980381 | ||
| 040 |
_aDGITA _beng _erda _epn _cDGITA |
||
| 041 | 0 |
_aspa _aara |
|
| 043 |
_ae-po--- _ae-sp--- _ama----- |
||
| 050 | 1 | 4 | _aDP100 eBook |
| 100 | 1 |
_aBarceló, Carmen, _eauthor. |
|
| 245 | 1 | 0 |
_aArchivos moriscos : _btextos árabes de la minoría islámica valenciana, 1401-1608 / _cCarmen Barceló y Ana Labarta. |
| 250 | _aEdición digital. | ||
| 264 | 1 |
_aValència : _bPublicacions de la Universitat de València, _c2009. |
|
| 264 | 4 | _c©2009 | |
| 300 | _a1 online resource (379 pages) | ||
| 336 |
_atext _btxt _2rdacontent |
||
| 337 |
_acomputer _bc _2rdamedia |
||
| 338 |
_aonline resource _bcr _2rdacarrier |
||
| 500 | _aDocuments, published for the first time. | ||
| 504 | _aIncludes bibliographical references (pages 127-134) and indexes. | ||
| 505 | 0 | _aIntroducción -- La minoría islámica valenciana -- Comunidad, aljamas y Monarquía -- Iglesia y cristianos nuevos -- Compartiendo el Islam -- Una vecindad incómoda -- Administración de la Aljama -- Actividad económica y hacienda privada -- La cultura religiosa -- El arte de escribir -- El remedio de la Ciencia -- Vida en familia -- Recorridos familiares -- La colección documental -- Abreviaturas -- Siglas -- Bibliografía citada -- Símbolos usados en la edición árabe y en la traducción -- Símbolos utilizados en la traducción -- Archivos moriscos -- Del siglo XV a las Germanias (1401-1519) -- "Nuevos convertidos de moros..."(1520-1580) -- Entre el bautismo y el destierro (siglo XVI hasta 1608) -- La última etapa (1581-1608). | |
| 546 | _aIn Spanish and Arabic. | ||
| 588 | 0 | _aOnline resource; title from PDF title page (Digitalia, viewed September 8, 2015) | |
| 650 | 0 |
_aMoriscos _zSpain _zValencia (Region) _xHistory _vSources. |
|
| 655 | 0 | _aElectronic books. | |
| 700 | 1 |
_aLabarta, Ana, _eauthor. |
|
| 791 | 2 |
_aDigitalia (Firm), _edistributor. |
|
| 793 | 0 |
_gDigitalia eBook Collection: _aUniversitat de València. |
|
| 776 | 0 | 8 |
_iPrint version: _aBarceló, Carmen. _tArchivos moriscos. _dValència : Publicacions de la Universitat de València, 2009. _z9788437073842 _w(OCoLC)456668112 |
| 856 | 4 | 0 |
_3Digitalia Hispánica _uhttps://www.digitaliapublishing.com/a/35324/ |
| 910 | _aPremium Collection: 2015 | ||
| 942 | _cRAA | ||
| 999 |
_c242990 _d242990 |
||